| 000 | 00906cam a22002411 4500 | ||
|---|---|---|---|
| 001 | gs 68000219 | ||
| 003 | DLC | ||
| 005 | 20260227111422.0 | ||
| 008 | 710901s1968 dcuab b 00010 eng c | ||
| 010 | _ags 68000219 //r862 | ||
| 040 | _aU.S. Geol. Survey. Libr. | ||
| 043 | _an-us--- | ||
| 050 | 0 |
_aTC801 _b.U2 no. 1871 |
|
| 082 | _a628/.1/0973 | ||
| 100 | 1 | 0 |
_aSchneider, William Joseph, _d1921- |
| 245 | 1 | 0 |
_aWater data for metropolitan areas; _ba summary of data from 222 areas in the United States, _ccompiled by William J. Schneider. |
| 260 | 0 |
_a[Washington, _bU.S. Dept. of the Interior, Geological Survey; for sale by the Supt. of Docs., U.S. Govt. Print. Off., _c1968] |
|
| 300 |
_av, 397 p. _billus., maps. _c24 cm. |
||
| 350 | _a$1.50 (paper cover) | ||
| 440 | 0 |
_aGeological Survey water-supply paper ; _v1871 |
|
| 504 | _aIncludes bibliographies. | ||
| 650 | 0 |
_aWater-supply _zUnited States. |
|
| 999 |
_c30454 _d30454 |
||